| 000 | 01228nam a2200277 i 4500 | ||
|---|---|---|---|
| 001 | bg | ||
| 100 | 1 | _aPALUCH, Ryszard | |
| 245 | 1 | 0 |
_aCechy postawy ciała i przestrzeń pracy : _bobciążenie posturalne w pozycji siedzącej / _cRyszard Paluch. |
| 246 | 1 | 1 | _aBody posture traits and workspace |
| 260 |
_aWrocław : _bWydaw. PW, _c1993 _e(Wroc. : _fPW). |
||
| 300 |
_a64 s. : _bwykr. ; _c24 cm. |
||
| 490 | 1 |
_aPrace Naukowe Instytutu Organizacji i Zarządzania Politechniki Wrocławskiej. Monografie = _aScientific Papers of the Institute of Organization and Management Systems of the Technical University of Wrocław. Monographs, _x0324-9492 ; _v27 |
|
| 500 | _aTyt. równol. : Body posture traits and workspace : postural workload sitting position. | ||
| 500 | _aNumeracja ser. gł. : 64. | ||
| 504 | _aBibliogr. s. 54-60. - Summ. | ||
| 650 | 9 |
_aAntropometria _xzagadnienia |
|
| 650 | 9 |
_aErgonomia _xzagadnienia |
|
| 650 | 9 |
_aPostawa ciała _xpomiary |
|
| 830 | 0 |
_aPrace Naukowe Instytutu Organizacji i Zarządzania Politechniki Wrocławskiej. _pMonografie ; _v27 |
|
| 015 | _aPB 4474/94 | ||
| 040 | _cBPK | ||
| 041 | 0 |
_apl _ben |
|
| 080 | _a331.101.1:572 | ||
| 942 | _cKS | ||
| 008 | s pl f |000 0 pol | ||
| 999 |
_c30088 _d30088 |
||
| 856 |
_uhttp://koha.tu.koszalin.pl/cgi-bin/koha/opac-detail.pl?biblionumber=30088 _yKatalog online BPK |
||